| 000 | 00488nam a22001937a 4500 | ||
|---|---|---|---|
| 003 | MPLRDC | ||
| 005 | 20220104144116.0 | ||
| 008 | 210129b ||||| |||| 00| 0 eng d | ||
| 020 | _a957-706-128-1 | ||
| 082 | _a411.3 DYYX c.2 | ||
| 100 | _a荻原义秀 | ||
| 245 |
_a麦草的神奇疗效 _c杨鸿儒译 |
||
| 250 | _a一版一刷 | ||
| 260 |
_a _b暖流出版社 _c1996 |
||
| 300 | _b平 | ||
| 490 | _a健康系列. 188 | ||
| 650 | _a营养与食品 | ||
| 942 |
_cBK _o411.3 DYYX c.2 |
||
| 999 |
_c46449 _d46439 |
||